000 01146nam a2200313 a 4500
001 000112299
003 CHAP
005 20220329144256.0
008 160301s2016 mx sm |||||||spa d
010 _a108760
011 _a109732
040 _cCHAP
090 _aTesis
100 0 0 _aOble Vergara, Evelia
_982519
245 1 0 _aInnovación, capital social y rentabilidad de la naranja en el norte de Veracruz, México
_h[En línea]
_cpor Evelia Oble Vergara.
260 _aChapingo, Méx. :
_bEl autor,
_c2016.
500 _aPara ver el contenido del material haga clic en la liga
502 _aTesis (Ph. D. en Problemas Económicos Agroindustriales) -- UACH. Departamento de CIESTAAM.
590 _aE5765TAJ
_b05
_c20160301
_lUCH01
_h0857
590 _aE5765TAJ
_b05
_c20160301
_lUCH01
_h0857
650 1 4 _aAgricultura
_xInnovaciones tecnológicas.
_91565
650 1 4 _aNaranja
_xAspectos económicos
_zVeracruz.
_980140
650 1 4 _aNaranja
_xMercadeo.
_980176
650 1 4 _aNaranja
_xRendimiento.
_980188
856 _aFinding aid
_uhttp://10.13.5.2/tesis/sist112299.pdf
_zTeclea aquí
901 _aBK
942 _cTESIS
942 _n0
999 _c108760
_d108760